La irretroactividad (Registro nro. 158683)
[ vista simple ]
| 000 -LEADER | |
|---|---|
| fixed length control field | 01113ny a22002653n 4500 |
| 008 - FIXED-LENGTH DATA ELEMENTS--GENERAL INFORMATION | |
| fixed length control field | 070212s2006 sp s 001 0 spa c |
| 017 ## - | |
| -- | D.L. SE.6278-2006 |
| 020 ## - INTERNATIONAL STANDARD BOOK NUMBER | |
| International Standard Book Number | 8497729102 |
| 035 ## - | |
| -- | 1732 |
| 040 ## - CATALOGING SOURCE | |
| Original cataloging agency | SpMaUCDE |
| Modifying agency | UMA.RE |
| -- | vLex |
| 080 ## - | |
| -- | 340.132.3(460) |
| 090 ## - | |
| -- | 145 |
| -- | 145 |
| 100 1# - MAIN ENTRY--PERSONAL NAME | |
| Personal name | Verdera Izquierdo, Beatriz |
| 245 13 - TITLE STATEMENT | |
| Title | La irretroactividad |
| Medium | [Recurso electrónico] |
| Remainder of title | problemática general / |
| Statement of responsibility, etc | Beatriz Verdera Izquierdo |
| 256 ## - | |
| -- | Servicio en línea |
| 260 ## - PUBLICATION, DISTRIBUTION, ETC. (IMPRINT) | |
| Place of publication, distribution, etc | Madrid : |
| Name of publisher, distributor, etc | Dykinson, |
| Date of publication, distribution, etc | 2006 |
| 300 ## - PHYSICAL DESCRIPTION | |
| Extent | 160 p. ; |
| Dimensions | 21 cm |
| 506 1# - RESTRICTIONS ON ACCESS NOTE | |
| Terms governing access | Contenido solo disponible en los productos indicados |
| Authorized users | vLex Global |
| -- | vLex Global (Academic Edition, excluding Law Schools) |
| -- | vLex Global (U.S. Academic Edition, Law Schools) |
| -- | vLex Global (U.S. Academic Edition, excluding Law Schools) |
| -- | vLex Global (Academic Edition, Law Schools) |
| 650 07 - SUBJECT ADDED ENTRY--TOPICAL TERM | |
| Source of heading or term | Tesauro vLex |
| Topical term or geographic name as entry element | Código civil |
| 650 07 - SUBJECT ADDED ENTRY--TOPICAL TERM | |
| Source of heading or term | Tesauro vLex |
| Topical term or geographic name as entry element | Teoría general del derecho |
| 740 0# - | |
| -- | vLex Libros (Servicios en línea) |
| 856 40 - LOCALIZACIÓN Y ACCESO ELECTRÓNICO | |
| Identificador Uniforme del Recurso (URI/URL) | https://app.vlex.com/#/sources/irretroactividad-1732 |
| 942 ## - | |
| -- | RAA |
| 999 ## - | |
| -- | 158683 |
| -- | 158683 |
No hay ítems disponibles.